00661nam a22002057a 450000500170000001000150001702000260003203500140005803700130007208200080008510000150009324501140010826000410022227000800026330000200034370000220036370000230038570000230040870000240043120221027113544.0 aENG-135552 c375.00a9789352836482 aEN-119084 bDBAD/PUB a657 aGupta, s c aAdvanced corporate accounting/cBy M c shukla, T s grewal [and] S c gupta; editied by mp gupta and bm agarwal bS. chand publishingc2019aNew delhi a7361, ram nagar, qqutub road,bNew delhie110055minfo@schandpublishing.com aV.p.c22cm(pbk) aGupta M Ceauthor aGrewal T Seauthor aGupta M P eeditor aAgarwal B Meeditor